<?xml version="1.0" encoding="UTF-8"?>
<marc:record xmlns:marc="http://www.loc.gov/MARC21/slim">
   <marc:leader>00000nam a2200000 a 4500</marc:leader>
   <marc:datafield ind1="1" ind2=" " tag="100">
      <marc:subfield code="a">Luhn, Usch</marc:subfield>
      <marc:subfield code="4">aut</marc:subfield>
      <marc:subfield code="e">Verfasser/-in</marc:subfield>
   </marc:datafield>
   <marc:datafield ind1="0" ind2="0" tag="245">
      <marc:subfield code="a">Ponyherz auf Schatzsuche</marc:subfield>
   </marc:datafield>
   <marc:datafield ind1="0" ind2="0" tag="245">
      <marc:subfield code="c">Luhn, Usch</marc:subfield>
   </marc:datafield>
   <marc:datafield ind1=" " ind2="1" tag="264">
      <marc:subfield code="a">Hamburg</marc:subfield>
      <marc:subfield code="b">Carlsen</marc:subfield>
      <marc:subfield code="c">2020</marc:subfield>
   </marc:datafield>
   <marc:datafield ind1="1" ind2=" " tag="490">
      <marc:subfield code="a">Ponyherz</marc:subfield>
      <marc:subfield code="v">Band 15</marc:subfield>
   </marc:datafield>
   <marc:datafield ind1=" " ind2=" " tag="250">
      <marc:subfield code="a">[1. Auflage]</marc:subfield>
   </marc:datafield>
   <marc:datafield ind1="1" ind2=" " tag="520">
      <marc:subfield code="a">*** Ein Mädchen. Ein Wildpferd. Eine unglaubliche Freundschaft. PONYHERZ. ***&#xD;
 &#xD;
BAND 15 der abenteuerlichen Pferdegeschichte für Kinder!&#xD;
 &#xD;
Auf Gut Hottenhöh steht ein Ritterturnier an – und plötzlich sind alle im Schatzfieber. Denn ein verschollenes, uraltes Amulett soll den Reiter unbesiegbar machen! Gibt es wirklich einen Schatz im Wald? Die Spur führt Ponyherz, Anni und Lorenz mitten auf die geheime Blumenwiese der Wildpferde … &#xD;
 &#xD;
PONYHERZ: Anni hat ein Geheimnis: Im Wald wartet Ponyherz auf sie – ein Wildpferd ... Zusammen können sie reiten wie der Wind ...  &#xD;
&#xD;
Ideal für Leseanfänger!  &#xD;
Mit beliebter Zeichenschule für alle Fans! &#xD;
 &#xD;
Wildromantisch und einfühlsam erzählt: eine Pferdegeschichte für große und kleine Ponyfreunde ab 7 Jahren.</marc:subfield>
   </marc:datafield>
   <marc:datafield ind1=" " ind2=" " tag="020">
      <marc:subfield code="a">9783551652959</marc:subfield>
      <marc:subfield code="9">9783551652959</marc:subfield>
   </marc:datafield>
   <marc:datafield ind1=" " ind2=" " tag="020">
      <marc:subfield code="a">3551652953</marc:subfield>
      <marc:subfield code="9">3551652953</marc:subfield>
   </marc:datafield>
   <marc:datafield ind1=" " ind2=" " tag="041">
      <marc:subfield code="a">ger</marc:subfield>
   </marc:datafield>
   <marc:datafield ind1=" " ind2=" " tag="300">
      <marc:subfield code="b">Schwarz-weiße Illustrationen</marc:subfield>
   </marc:datafield>
   <marc:datafield ind1="0" ind2=" " tag="490">
      <marc:subfield code="v">Band 15</marc:subfield>
   </marc:datafield>
   <marc:datafield ind1="1" ind2=" " tag="521">
      <marc:subfield code="a">Kind [ab 7 Jahren]</marc:subfield>
   </marc:datafield>
   <marc:datafield ind1=" " ind2=" " tag="338">
      <marc:subfield code="a">Band</marc:subfield>
   </marc:datafield>
   <marc:datafield ind1=" " ind2=" " tag="300">
      <marc:subfield code="a">121 Seiten</marc:subfield>
   </marc:datafield>
</marc:record>
